000 00650pam a2200217 i 4500
999 _c233534
_d233534
001 4629039
003 Nust
005 20170308152646.0
008 790605s1979 nyu 000 1 eng
010 _a 78022732
020 _a9780755332496
_c$8.95
040 _aDLC
_cDLC
_dDLC
050 0 0 _aPZ4.D222
_bFas
_aPS3554.A717
082 0 0 _a813.54
_bMAN
100 1 _a Mansell, Jill
245 1 0 _aFast friends /
_cJill Mansell
250 _a1st ed.
260 _aGarden City, N.Y. :
_bDoubleday,
_c1979.
300 _a600 p. ;
_c22 cm.
906 _a7
_bcbc
_corignew
_d1
_eocip
_f19
_gy-gencatlg
942 _2ddc
_cBK